000
00460nam a2200133Ia 4500
008
100328s9999 xx 000 0 und d
082
_b
66160
100
_a
भानत मनोहर.
245
_a
लुकतुके - एक आदर्श चाळ.
260
_b
माुश्री.
630
_a
लुकतुके - एक आदर्श चाळ.
730
_a
लुकतुके - एक आदर्श चाळ.
942
_c
BOOK
999
_c
551904
_d
551901